00365nam a2200145Ia 4500008004100000082001500041100001600056245003900072250000900111260003000120300001300150500002500163650001500188700001600203230524s9999 xx 000 0 und d a658.3bMAM aC.B.Mamoria 0aPersonal Management : Text & Cases a24TH aNEW DELHIbHimalayac2004 aXXIV;932 aQuantity Number: 52 aManagement a S.V.Gankar